Statistics for Country world champion of : Basketball 3x3

Click here to take the quiz!

General Stats

  • This quiz has been taken 2 times
  • The average score is 6 of 8

Answer Stats

Médaille d'orMasculinFéminimMixtePays% Correct
11China
100%
211France
100%
11Italy
100%
11Russia
100%
55Serbia
100%
11Czech Republic
50%
11Qatar
0%
312Unites-States
0%

Score Distribution

Percentile by Number Answered

Percent of People with Each Score

Your Score History

You have not taken this quiz